Cites in Serbia - Statistics

General Stats
  • This quiz has been taken 22 times
  • The average score is 4 of 6
Answers on the Grid
Answers color-coded by a green-red scale on the quiz's grid according to % correct below.
Belgrade
Pristina
Niš
Kragujevac
Sarajevo
Paris
Čačak
Szeged
Smederevo
Ljubljana
Novo Mesto
Elbasan
 
Answer Stats
Answer % Correct
Belgrade
100%
Niš
86%
Čačak
57%
Kragujevac
57%
Pristina
57%
Smederevo
57%
No matching quizzes found
Score Distribution
Percent of People with Each Score
Percentile by Number Answered
Your Score History
You have not taken this quiz